000 01168nam a2200265 i 4500
001 41121
003 ES-MaACL
005 20250830224956.0
007 t|
008 030310s1953 sp ||||1| spa d
245 0 0 _aCartografía de Ultramar
_b: carpeta II: Estados Unidos y Canadá /
_cServicios Geográfico e Histórico del Ejército. Estado Mayor Central.
260 _aMadrid :
_b[s.n.],
_c1953 (
_fImp. Servicio Geográfico del Ejército)
300 _a2 v. :
_bmapas ;
_c35 cm.
500 _aPrecede al tít.: Servicio Geográfico e Histórico del Ejército.
505 8 _aContiene: [1]. Toponimia de los mapas que la integran: Relaciones de Ultramar. 598 p. [II]. Láminas.- 8 p., 138 map. suelt., guard. en carpeta
650 4 _aNombres geográficos-
_zEstados Unidos.
_9170279
650 4 _aNombres geográficos-
_zCanadá.
_9170280
650 4 _aMapas antiguos.
_9158545
651 7 _aEstados Unidos-
_vMapas
_2
_9170281
651 4 _aCanadá-
_vMapas.
_9170282
710 1 _aEspaña.
_bServicio Geográfico del Ejército.
_9165653
710 1 _aEspaña.
_bServicio Histórico Militar.
_93980
852 _aES-MaACL
_jL-5309-10
999 _c41121
_d41121